Mechatronics : Electronic control systems in mechanical and electrical engineering (Record no. 42233)

MARC details
000 -LEADER
fixed length control field 00383nam a2200133Ia 4500
020 ## - INTERNATIONAL STANDARD BOOK NUMBER
ISBN 8178083396
082 ## - DEWEY DECIMAL CLASSIFICATION NUMBER
Classification number 621.38:621
Item number BOL
100 ## - MAIN ENTRY--AUTHOR NAME
Personal name Bolton, W
245 #0 - TITLE STATEMENT
Title Mechatronics : Electronic control systems in mechanical and electrical engineering
250 ## - EDITION STATEMENT
Edition statement Ed.2
260 ## - PUBLICATION, DISTRIBUTION, ETC. (IMPRINT)
Place of publication Delhi
Name of publisher Pearson Education Ltd
Year of publication 1999
942 ## - ADDED ENTRY ELEMENTS (KOHA)
Koha item type Books
Holdings
Withdrawn status Lost status Damaged status Not for loan Home library Current library Date acquired Cost, normal purchase price Full call number Accession Number Koha item type
        RRII Library RRII Library 16/12/2021 295.00 621.38:621 BOL 22509 Books